Relativní majetková práva (závazky) podle nového občanského zákoníku - Pokračování výkladu

Pokračovanie článku z predchádzajúceho čísla o relatívnych majetkových právach podľa nového občianskeho zákonníka Českej republiky. Zmluvy uzatvorené takzvaným adhéznym spôsobom.

Salvato in:
Dettagli Bibliografici
Autore principale: Rejmont, Vladimír
Natura: Capitolo di libro
Lingua:ceco
Soggetti:
Tags: Aggiungi Tag
Nessun Tag, puoi essere il primo ad aggiungerne!!

MARC

LEADER 00000naa a2200000 4500
001 0190228
005 20230925092558.2
041 0 |a cze 
044 |a CZ 
245 1 0 |a Relativní majetková práva (závazky) podle nového občanského zákoníku - Pokračování výkladu  |c Vladimír Rejmont 
520 |a Pokračovanie článku z predchádzajúceho čísla o relatívnych majetkových právach podľa nového občianskeho zákonníka Českej republiky. Zmluvy uzatvorené takzvaným adhéznym spôsobom. 
610 2 0 |a Česko 
610 2 0 |a zákonník občiansky 
610 2 0 |a práva majetkové 
610 2 0 |a právo záväzkové 
610 2 0 |a úpravy právne 
610 2 0 |a zákony 
100 1 |a Rejmont, Vladimír